<?xml version="1.0" encoding="UTF-8"?>
<record
    xmlns:xsi="http://www.w3.org/2001/XMLSchema-instance"
    xsi:schemaLocation="http://www.loc.gov/MARC21/slim http://www.loc.gov/standards/marcxml/schema/MARC21slim.xsd"
    xmlns="http://www.loc.gov/MARC21/slim">

  <leader>00863nam a2200253   4500</leader>
  <controlfield tag="003">OSt</controlfield>
  <controlfield tag="005">20260601170957.0</controlfield>
  <controlfield tag="008">260422b2003\\\\xxu\||||\||||\00|\0\eng\d</controlfield>
  <datafield tag="020" ind1=" " ind2=" ">
    <subfield code="a">1578518261 (papel alcalino)</subfield>
  </datafield>
  <datafield tag="040" ind1=" " ind2=" ">
    <subfield code="a">ICI</subfield>
    <subfield code="b">spa</subfield>
    <subfield code="c">ICI</subfield>
  </datafield>
  <datafield tag="050" ind1=" " ind2="4">
    <subfield code="a">HF5415.32</subfield>
    <subfield code="b">Z35</subfield>
  </datafield>
  <datafield tag="100" ind1=" " ind2="1">
    <subfield code="a">Zaltman, Gerald,</subfield>
    <subfield code="9">30790</subfield>
  </datafield>
  <datafield tag="245" ind1=" " ind2="1">
    <subfield code="a">How customers think : </subfield>
    <subfield code="b">essential insights into the mind of the market /</subfield>
    <subfield code="c">Gerald Zaltman</subfield>
  </datafield>
  <datafield tag="264" ind1=" " ind2=" ">
    <subfield code="b">Harvard Business School,</subfield>
    <subfield code="c">c2003</subfield>
    <subfield code="a">Boston, Massachusetts :</subfield>
  </datafield>
  <datafield tag="300" ind1=" " ind2=" ">
    <subfield code="a">323 p&#xE1;ginas</subfield>
    <subfield code="c">24cm.</subfield>
  </datafield>
  <datafield tag="336" ind1=" " ind2=" ">
    <subfield code="a">texto</subfield>
    <subfield code="2">rdacontent</subfield>
  </datafield>
  <datafield tag="337" ind1=" " ind2=" ">
    <subfield code="a">sin medio</subfield>
    <subfield code="2">rdamedia</subfield>
  </datafield>
  <datafield tag="338" ind1=" " ind2=" ">
    <subfield code="a">volumen</subfield>
    <subfield code="2">rdacarrier</subfield>
  </datafield>
  <datafield tag="650" ind1=" " ind2="4">
    <subfield code="a">Comportamiento del consumidor</subfield>
    <subfield code="x">Aspectos psicol&#xF3;gicos</subfield>
    <subfield code="9">30791</subfield>
  </datafield>
  <datafield tag="650" ind1=" " ind2="4">
    <subfield code="a">Consumidores</subfield>
    <subfield code="x">Actitudes</subfield>
    <subfield code="9">30792</subfield>
  </datafield>
  <datafield tag="650" ind1=" " ind2="4">
    <subfield code="a">Mercadotecnia</subfield>
    <subfield code="x">Aspectos psicol&#xF3;gicos</subfield>
    <subfield code="9">30793</subfield>
  </datafield>
  <datafield tag="650" ind1=" " ind2="4">
    <subfield code="a">Pensamiento creativo</subfield>
  </datafield>
  <datafield tag="942" ind1=" " ind2=" ">
    <subfield code="2">lcc</subfield>
    <subfield code="c">B</subfield>
  </datafield>
  <datafield tag="999" ind1=" " ind2=" ">
    <subfield code="c">19895</subfield>
    <subfield code="d">19895</subfield>
  </datafield>
</record>
